000 02686nam0a2200421 4500
001 RU\NLR\BIBL_A\021976270
005 20231129172917.0
010 _a978-5-00113-234-9
_950
021 _aRU
_bКН-П-23-037066
_9КН-П-23-3675
035 _a(NLR Aleph) 021976270
035 _a(RuMoRGB)011838861
090 _a12382175
_c12382175
100 _a20230706d2023 k y0rusy50 ca
101 0 _arus
_aeng
102 _aRU
105 _aа|||z|||100zy
181 0 _ai3
_baxxe
182 0 _an
200 1 _aСовременные технологии обучения в условиях цифровой трансформации среднего профессионального и высшего образования
_eсборник материалов III Международной научно-практической конференции, 21 марта 2023 года
_fПрезидентская академия РАНХиГС, Омск
203 _aТекст
_bвизуальный
_cнепосредственный
210 _aОмск
_cИПК СибАДИ
_d2023
215 _a249 с.
_cил., табл., цв. ил.
_d21
225 1 _aГод педагога и наставника, 2023
300 _aНа обл. подзаг.: III Международная научно-практическая конференция
300 _aЧасть текста англ.
320 _aБиблиогр. в конце ст.
606 1 _aВысшее образование
_jСъезды, совещания и т.п
_yРоссийская Федерация
_91685283
_3RU\NLR\AUTH\661047250
606 1 _aСреднее профессиональное образование
_jСъезды, совещания и т.п
_yРоссийская Федерация
_92337831
_3RU\NLR\AUTH\661397611
675 _a37.01(082)
_v4
686 1 _aЧ474(2Р)я431
686 1 _aЧ484(2Р)я431
711 1 2 _a"Современные технологии обучения в условиях цифровой трансформации среднего профессионального и высшего образования", международная научно-практическая конференция
_d3
_eОмск
_f2023
_9856069
_3RU\NLR\AUTH\880595302
712 0 2 _4570
_aРоссийская академия народного хозяйства и государственной службы
_bОмский филиал
_9773400
_3RU\NLR\AUTH\880553463
942 _cBOOK
980 _aNB